000 00610nam a2200229Ia 4500
003 OSt
005 20221007081008.0
006 a|||||r|||| 00| 0
007 ta
008 221006b |||||||| |||| 00| 0 eng d
024 _a18,326
037 _cTextual
040 _aFLL
_cFLL
_beng
041 _2eng
_aeng
082 _aZ0aR4, L9
100 _aLeiser Burton M.
_981085
245 0 _aLiberty, justice, and morals
260 _aNew York
_bMacmillan Publishing Co. Inc. USA
_c1979
300 _a463p
_ccm.
942 _hZ0aR4, L9
_cTEXL
_2CC
999 _c1161608
_d1161608